|
|
|
|
| LEADER |
00000nab a2200000 a 4500 |
| 001 |
vtls008962857 |
| 003 |
SK-MaSNL |
| 005 |
20260304134425.0 |
| 008 |
250505c2007 xo |||||||||||000 b|slo |
| 015 |
|
|
|a SNBRB2007/04
|2 snkbucl
|
| 035 |
|
|
|a (uuid)88561a67-cc3f-4ea3-af3c-777b79312981
|
| 035 |
|
|
|a urn:nbn:sk:snk-abesvo
|
| 035 |
|
|
|a (urnnbn)urn:nbn:sk:snk:ar-0074nh
|
| 038 |
|
|
|a SNKBUCL
|
| 040 |
|
|
|a SNKBUCL
|b slo
|c SNKBUCL
|e AACR2
|
| 041 |
0 |
|
|a slo
|
| 044 |
|
|
|a xo
|c SK
|
| 080 |
|
|
|a 636.75.09
|2 1997
|
| 080 |
|
|
|a 619:636.7
|2 1997
|
| 100 |
1 |
|
|a Slivka, Dušan,
|c Poľovníctvo a rybárstvo
|4 aut
|9 171562
|
| 245 |
1 |
0 |
|a Choroby farbiarov
|c Dušan Slivka
|
| 650 |
0 |
7 |
|a poľovné psy
|2 snkbucl
|9 2814
|
| 650 |
0 |
7 |
|a choroby domácich zvierat
|2 snkbucl
|9 68521
|
| 650 |
0 |
7 |
|a farbiare
|2 snkbucl
|9 88084
|
| 773 |
0 |
|
|t Poľovníctvo a rybárstvo
|g Roč. 59, č. 1 (2007), s. 26-27
|x 0231-8768
|
| 850 |
|
|
|a Slovenská národná knižnica
|
| 852 |
|
|
|a Slovenská národná knižnica
|
| 954 |
|
|
|a odborná, vedecká literatúra pôvodná (slovenská)
|2 lita
|
| 958 |
|
|
|a article27
|
| 958 |
|
|
|a OND
|
| 958 |
|
|
|a EUIPO
|
| 999 |
|
|
|c 2906787
|d 2908717
|